1792 Entrer en République (notice n° 1926225)

détails MARC
000 -LEADER
fixed length control field 02233cam a2200169 4500500
005 - DATE AND TIME OF LATEST TRANSACTION
control field 20260329023317.0
041 ## - LANGUAGE CODE
Language code of text/sound track or separate title fre
042 ## - AUTHENTICATION CODE
Authentication code dc
100 10 - MAIN ENTRY--PERSONAL NAME
Personal name Biard, Michel
Relator term author
245 00 - TITLE STATEMENT
Title 1792 Entrer en République
260 ## - PUBLICATION, DISTRIBUTION, ETC.
Name of publisher, distributor, etc. Armand Colin,<br/>
Date of publication, distribution, etc. 2013.<br/>
520 ## - SUMMARY, ETC.
Summary, etc. Comment les Français et les Conventionnels sont-ils « devenus républicains » au cours des semaines qui suivent le 21 septembre 1792 ? N’ayant jamais été formellement proclamée, la Première République est-elle un choix par défaut, l’aboutissement d’une maturation née des spécificités du processus révolutionnaire depuis la déclaration des droits de l’homme et du citoyen de 1789, l’ambition d’un dépassement des expériences républicaines antérieures ? Comment les massacres de septembre, le contexte international, la guerre, les relations diplomatiques, l’immigration politique jouent-ils dans le moment électoral, dans la mise en place et la reconnaissance du nouveau régime ? Comment les corps constitués, les groupes d’influence – et au premier rang l’Église – accueillent-ils celui-ci ? Une Assemblée qui ne comprend qu’une moitié de ses membres a-t-elle la légitimité suffisante pour engager le pays entier dans un autre système politique ? Telles sont quelques-unes des principales questions auxquelles cet ouvrage, fondé sur les recherches les plus récentes menées par des historiens et des juristes français et étrangers, tente de répondre. Si, 220 ans après sa fondation, actualisation et consolidation du pacte républicain sont toujours à l’ordre du jour, l’étude de sa naissance, la compréhension des enjeux politiques, sociaux et culturels qui y ont présidé, demeurent une des conditions de son renforcement. Michel Biard, Professeur à l’Université de Rouen. Philippe Bourdin, Professeur à l’Université Clermont 2. Hervé Leuwers, Professeur à l’Université Lille 3. Pierre Serna, Professeur à l’Université Paris I.
700 10 - ADDED ENTRY--PERSONAL NAME
Personal name Bourdin, Philippe
Relator term author
700 10 - ADDED ENTRY--PERSONAL NAME
Personal name Leuwers, Hervé
Relator term author
700 10 - ADDED ENTRY--PERSONAL NAME
Personal name Serna, Pierre
Relator term author
856 41 - ELECTRONIC LOCATION AND ACCESS
Uniform Resource Identifier <a href="https://shs.cairn.info/mille-sept-cent-quatre-vingt-douze--9782200287719?lang=fr&redirect-ssocas=7080">https://shs.cairn.info/mille-sept-cent-quatre-vingt-douze--9782200287719?lang=fr&redirect-ssocas=7080</a>

Pas d'exemplaire disponible.

PLUDOC

PLUDOC est la plateforme unique et centralisée de gestion des bibliothèques physiques et numériques de Guinée administré par le CEDUST. Elle est la plus grande base de données de ressources documentaires pour les Étudiants, Enseignants chercheurs et Chercheurs de Guinée.

Adresse

627 919 101/664 919 101

25 boulevard du commerce
Kaloum, Conakry, Guinée

Réseaux sociaux

Powered by Netsen Group @ 2025